| Tag |
First Indicator |
Second Indicator |
Subfields |
| LEADER |
00000cam a2200000 a 4500 |
| 001 |
in00002008564 |
| 005 |
20151031130129.0 |
| 008 |
870630s1986 ru fa b 000 0bruso |
| 010 |
|
|
|a 86188040
|
| 020 |
|
|
|c 0.55rub
|
| 035 |
|
|
|a (OCoLC)ocm15062154
|
| 040 |
|
|
|a DLC
|c DLC
|d OCL
|d TXA
|d UtOrBLW
|
| 049 |
|
|
|a TXAM
|
| 050 |
0 |
0 |
|a DK127.5.T3
|b S53 1986
|
| 100 |
1 |
|
|a Shakinko, I. M.
|q (Igorʹ Mikhaĭlovich)
|
| 245 |
1 |
0 |
|a Vasiliĭ Tatishchev /
|c Igorʹ Shakinko.
|
| 264 |
|
1 |
|a Sverdlovsk :
|b Sredne-Uralʹskoe knizhnoe izd-vo,
|c 1986.
|
| 300 |
|
|
|a 237 pages, 3 unnumbered pages, 8 unnumbered pages of plates :
|b illustrations ;
|c 18 cm.
|
| 336 |
|
|
|a text
|b txt
|2 rdacontent
|
| 337 |
|
|
|a unmediated
|b n
|2 rdamedia
|
| 338 |
|
|
|a volume
|b nc
|2 rdacarrier
|
| 504 |
|
|
|a Bibliography: page [239].
|
| 600 |
1 |
0 |
|a Tatishchev, Vasiliĭ Nikitich,
|d 1686-1750.
|
| 650 |
|
0 |
|a Intellectuals
|z Soviet Union
|v Biography.
|
| 948 |
|
|
|a cataloged
|b h
|c 2004/11/1
|d c
|e spoltoratski
|f 1:16:54 pm
|
| 994 |
|
|
|a E0
|b TXA
|
| 999 |
|
|
|a MARS
|
| 999 |
f |
f |
|s 94189870-e945-3297-b790-7e136e98cf4c
|i ffde9391-74d7-3cb4-a8eb-194abc21d04b
|t 0
|
| 952 |
f |
f |
|p ric
|a Texas A&M University
|b Rellis Campus
|c Joint Library Facility
|d Remote Storage
|t 0
|e DK127.5.T3 S53 1986
|h Library of Congress classification
|i unmediated -- volume
|m A14831377372
|
| 998 |
f |
f |
|a DK127.5.T3 S53 1986
|t 0
|l Remote Storage
|